| 000 | 00430nam a2200157Ia 4500 | ||
|---|---|---|---|
| 008 | 240729s9999 xx 000 0 und d | ||
| 022 | _a2149-4592 | ||
| 245 | 0 | _aJournal of Istanbul University Faculty of Dentistry | |
| 260 | _aTürkiye | ||
| 260 | _bIstanbul University | ||
| 650 | _a Dentistry | ||
| 650 | _aMedicine | ||
| 856 | _uhttps://doaj.org/toc/bc5e3987d907482c90c2d1be15a3ea7a | ||
| 942 | _2ddc | ||
| 942 | _cDOAJEJ | ||
| 999 |
_c66577 _d66577 |
||
| 945 |
_a1 _bMadushi Gamage _c1 _dMadushi Gamage |
||